000 00643nam a22002177a 4500
003 UA-OsUOA
001 37086
007 ta
008 20060223b un ||||| |||| 00| 0 ukr d
100 _aСмирнов К.
090 _a330(477)
_bС11
942 _cSA
040 _aUA-OsUOA
_bukr
_cUA-OsUOA
_dUA-OsUOA
245 _aЛіси стануть приватними. парламент дозволив передавати у приватну власність ліси України
300 _aС.2
955 _a0
041 _aukr
080 _a330(477)
773 0 _w37085
650 7 _a330 Економіка взагалі
_2UDC
999 _c323305
_d323305